| 000 | 00000nam 2200000za 4500 |
| 001 | 9.545931 |
| 003 | CaOODSP |
| 005 | 20220405154830 |
| 007 | ta |
| 008 | 150406s2008 quc # f000 0 fre d |
| 040 | |aCaOODSP|bfre |
| 041 | |afre|aeng |
| 043 | |an-cn--- |
| 086 | 1 |aP29-133-1-2008 |
| 245 | 00|aAgents de sécurité et superviseurs des agents de sécurité / |cpréparée par l'Office des normes générales du Canada ; approuvée par le Conseil canadien des normes. |
| 246 | 15|aSecurity officers and security officer supervisors |
| 260 | |aGatineau : |bOffice des normes générales du Canada, |c2008. |
| 300 | |a1 v. (pagination multiples) ; |c28 cm. |
| 490 | 1 |aNorme nationale du Canada, |x0226-4587 ; |vno 133.1-2008 |
| 500 | |a« Mars 2008. » |
| 500 | |a« Expérience et excellence » -- Couv. |
| 500 | |aRemplace CAN/CGSB-133.1-99. |
| 520 | |a« La présente norme énonce les critères minimaux à utiliser pour effectuer la sélection des agents de sécurité et des superviseurs en uniforme affectés à la protection des personnes, des propriétés et de l’information. Elle offre un «Programme de formation de base des agents de sécurité (avant l’affectation)» (annexe A), un «Programme de formation des superviseurs des agents de sécurité (avant l’affectation)» (annexe B) et des «Lignes directrices relatives au rendement des fournisseurs de services de formation pour les agents de sécurité et les superviseurs» (annexe C). » -- Objet. |
| 692 | 07|2gccst|aSécurité |
| 692 | 07|2gccst|aFormation |
| 692 | 07|2gccst|aNorme |
| 710 | 2 |aConseil canadien des normes. |
| 710 | 2 |aOffice des normes générales du Canada. |
| 776 | 0#|tAgents de sécurité et superviseurs des agents de sécurité |w(CaOODSP)9.840519 |
| 791 | |tSecurity officers and security officer supervisors / |eeng|w(CaOODSP)9.545930 |
| 794 | |tSecurity officers and security officer supervisors = |w(CaOODSP)9.546071 |
| 830 | #0|aNorme nationale du Canada,|x0226-4587 ; |vno 133.1-2008.|w(CaOODSP)9.509559 |
| 986 | |aICS 13.310 |